Aging and diversity : (Record no. 3813)
[ view plain ]
| 000 -LEADER | |
|---|---|
| fixed length control field | 00895cam a2200205 a 4500 |
| 020 ## - INTERNATIONAL STANDARD BOOK NUMBER | |
| ISBN | 1560324759 (case : alk. paper) |
| 020 ## - INTERNATIONAL STANDARD BOOK NUMBER | |
| ISBN | 1560324767 (pbk. : alk. paper) |
| 050 00 - CALL NUMBER | |
| Classification number | HQ1061 |
| Item number | .F91 |
| 100 1# - AUTHOR | |
| Personal name | Fried, Stephen. |
| 245 10 - TITLE | |
| Title | Aging and diversity : |
| Remainder of title | an active learning experience / |
| Statement of responsibility, etc | by Stephen B. Fried, Chandra M. Mehrotra. |
| 260 ## - PUBLICATION INFORMATION | |
| Place of publication | Washington, D.C. : |
| Name of publisher | Taylor & Francis, |
| Year of publication | c1998. |
| 300 ## - DESCRIPTION | |
| Number of Pages | xx, 242 p. : |
| Other physical details | ill. ; |
| Dimensions | 24 cm. |
| 505 ## - FORMATTED CONTENTS NOTE | |
| Table of Content | Ch. 1. An Introduction to Aging and Diversity --<br/>Ch. 2. Psychological Aging --<br/>Ch. 3. Issues in Health and Sexuality --<br/>Ch. 4. Caregiving --<br/>Ch. 5. Work and Retirement --<br/>Ch. 6. Religion and Spirituality --<br/>Ch. 7. Death, Dying, and Grieving. |
| 650 #0 - SUBJECTS | |
| Topical Term | Older people |
| 650 #0 - SUBJECTS | |
| Topical Term | Minority older people |
| 650 #0 - SUBJECTS | |
| Topical Term | Cultural pluralism. |
| 650 #0 - SUBJECTS | |
| Topical Term | Intercultural communication. |
| 700 1# - OTHER AUTHORS | |
| Personal name | Mehrotra, Chandra. |
| 942 ## - ADDED ENTRY ELEMENTS (KOHA) | |
| Koha item type | Books |
| Withdrawn status | Lost status | Home library | Current library | Shelving location | Date acquired | Source of acquisition | Full call number | Accession Number | Koha item type |
|---|---|---|---|---|---|---|---|---|---|
| Methodist University Library Main | Methodist University Library Main | General Stacks | Donation from Prof. Berth K. Yeboah USA | HQ1061 .F91 | 3946 | Books |